Estadísticas para 15 principales países con muertes de Covid-19 - 27 feb 2021

Haz click aquí para intentar la prueba.

Estadísticas generales

  • Esta prueba ha sido intentada 8 veces
  • La puntuación promedio es 16 de 24

Estadísticas de respuestas

país% Correcto
Alemania
100%
Argentina
100%
España
100%
Estados Unidos
100%
Italia
100%
México
100%
Reino Unido
100%
Colombia
86%
Francia
86%
Rusia
86%
Brasil
71%
India
71%
Irán
71%
Bélgica
57%
Portugal
57%
Sudáfrica
57%
Bosnia y Herzegovina
43%
Chequia
43%
Bulgaria
29%
Croacia
29%
Eslovenia
29%
Macedonia del Norte
29%
Perú
29%
Hungría
14%

Distribución de puntuación

Porcentaje por número respondido

Porcentaje de gente con cada puntuación

Historial de tus puntuaciones

No has intentado esta prueba.